| 000 | 00673nam a2200205 i 4500 | ||
|---|---|---|---|
| 001 | 56252 | ||
| 003 | ES-MaACL | ||
| 005 | 20250723100701.0 | ||
| 007 | t| | ||
| 008 | 031006s1907 sp ||||1| spa d | ||
| 100 | 1 |
_aDíaz Villar y Martínez, Juan Manuel. _944457 |
|
| 245 | 1 | 0 |
_aProfilaxis de la fiebre carbuncosa / _cpor Juan Manuel Díaz Villar y Martínez. |
| 260 |
_aMadrid : _bHijos de R. Alvarez, _c1907. |
||
| 300 |
_a86 p. ; _c25 cm. |
||
| 500 | _aPrecede al tít.: Facultad de Medicina de Madrid. | ||
| 502 | _aTesis doctoral. | ||
| 710 | 2 | 0 |
_aUniversidad de Madrid. _bFacultad de Medicina _97215 |
| 852 |
_aES-MaACL _jT-1131-F-2 |
||
| 999 |
_c56252 _d56252 |
||